Statistics for More Google Suggestions Than You Can ________

Click here to take the quiz!

General Stats

  • This quiz has been taken 613 times
  • The average score is 6 of 20

Answer Stats

Hint Answer % Correct
Is WWE ____fake
87%
who wrote ___ _____the Bible
72%
was Jesus _____black
52%
my macbook ____ ____ __*won't turn on
40%
is China _________communist
35%
how to make _____money
35%
are Asians _____white
34%
why do men _____cheat
29%
why is the GOP so ______stupid
28%
more than you can ____bear
27%
is egg _____dairy
26%
why do I have so much ___gas
25%
is the UK ____ __ ___ __part of the EU
22%
why do Democrats hate _______America
21%
why are Japanese people so _____weird
21%
is it normal to be afraid of _____death
13%
is Kanye West _____crazy
13%
i need to ____ ______lose weight
8%
is it normal to like ____feet
7%

Score Distribution

Percentile by Number Answered

Percent of People with Each Score

Your Score History

You have not taken this quiz